00622nam a22001817a 450000500170000001000150001702000260003203500140005803700090007208200130008110000150009424500800010925000060018926000500019527001470024530000200039270000280041220260526164758.0 aENG-148600 c375.00a9788119042890 aEN-132132 bDBAD a371.221 aR. Prabha  aModern System of Outcome Based Education/cR. Prabha [and] K. Dhanalakshmi a1 aTamil Nadu, IndiabShanlax Publicationsc2023 bTamil NaduaShanlax Publications, Vasantha Nagar, Madurai, Tamil Nadue625003mwww.shanlaxpublications.com mpublisher@shanlaxpublications.com a92p.c25cm (pb) aK. DhanalakshmieAuthor